Blood image (Record no. 100249)
[ view plain ]
| 000 -LEADER | |
|---|---|
| fixed length control field | 02004nam a2200445Ia 4500 |
| 100 1# - MAIN ENTRY--AUTHOR NAME | |
| Personal name | Anderson, Paul Christopher. |
| 245 10 - TITLE STATEMENT | |
| Title | Blood image |
| 260 ## - PUBLICATION, DISTRIBUTION, ETC. (IMPRINT) | |
| Place of publication | Baton Rouge : |
| Name of publisher | Louisiana State University Press, |
| Year of publication | c2002. |
| 300 ## - PHYSICAL DESCRIPTION | |
| Number of Pages | xxii, 258 p. : |
| Other physical details | ill., map. |
| 490 0# - SERIES STATEMENT | |
| Series statement | Conflicting worlds |
| 650 #0 - SUBJECT ADDED ENTRY--TOPICAL TERM | |
| Topical Term | Generals |
| Topical Term | Public opinion |
| Topical Term | Public opinion |
| 856 40 - ELECTRONIC LOCATION AND ACCESS | |
| Uniform Resource Identifier | http://site.ebrary.com/lib/rucke/Doc?id=10614676 |
No items available.
